Avatar Episode Names - Statistics

General Stats
  • This quiz has been taken 759 times
  • The average score is 25 of 61
Answer Stats
Hint Answer % Correct
Water Episode 1 The Boy in the Iceberg
87%
Water Episode 3 The Southern Air Temple
70%
Earth Episode 6 The Blind Bandit
66%
Earth Episode 7 Zuko Alone
61%
Water Episode 10 Jet
58%
Earth Episode 10 The Library
55%
Earth Episode 4 The Swamp
54%
Fire Episode 17 Ember Island Players
53%
Fire Episode 12 The Western Air Temple
53%
Earth Episode 1 The Avatar State
52%
Earth Episode 11 The Desert
52%
Water Episode 17 The Northern Air Temple
52%
Water Episode 9 The Waterbending Scroll
52%
Earth Episode 16 Appa's Lost Days
51%
Water Episode 2 The Avatar Returns
51%
Fire Episode 3 The Painted Lady
51%
Water Episode 11 The Great Divide
50%
Earth Episode 15 The Tales of Ba Sing Se
50%
Fire Episode 2 The Headband
49%
Water Episode 13 The Blue Spirit
48%
Water Episode 5 The King of Omashu
48%
Earth Episode 20 The Crossroads of Destiny
46%
Earth Episode 13 The Drill
46%
Water Episode 4 The Warriors of Kyoshi
46%
Fire Episode 14 The Boiling Rock Part 1
45%
Fire Episode 15 The Boiling Rock Part 2
45%
Earth Episode 19 The Guru
45%
Fire Episode 16 The Southern Raiders
45%
Earth Episode 5 Avatar Day
44%
Earth Episode 17 Lake Laogai
44%
Fire Episode 4 Sokka's Master
44%
Fire Episode 5 The Beach
43%
Earth Episode 2 The Cave of Two Lovers
43%
Water Episode 12 The Storm
43%
Earth Episode 3 Return to Omashu
42%
Earth Episode 8 The Chase
42%
Earth Episode 18 The Earth King
42%
Earth Episode 12 The Serpent's Pass
42%
Water Episode 18 The Waterbending Master
42%
Fire Episode 8 The Puppetmaster
39%
Fire Episode 9 Nightmares and Daydreams
38%
Water Episode 14 The Fortuneteller
38%
Fire Episode 6 The Avatar and the Firelord
37%
Fire Episode 13 The Firebending Masters
37%
Water Episode 19 The Siege of the North Part 1
37%
Water Episode 20 The Siege of the North Part 2
37%
Water Episode 15 Bato of the Water Tribe
36%
Water Episode 6 Imprisoned
36%
Water Episode 16 The Deserter
36%
Fire Episode 7 The Runaway
36%
Earth Episode 14 City of Walls and Secrets
35%
Earth Episode 9 Bitter Work
34%
Water Episode 8 Avatar Roku (Winter Solstice Part 2)
9%
Water Episode 7 The Spirit World (Winter Solstice Part 1)
9%
Fire Episode 1 The Awankening
8%
Fire Episode 21 Avatar Aang (Sozin's Comet Part 4)
6%
Fire Episode 20 Into the Inferno (Sozin's Comet Part 3)
5%
Fire Episode 19 Old Masters (Sozin's Comet Part 2)
5%
Fire Episode 10 The Invasion (Day of Black Sun Part 1)
5%
Fire Episode 18 The Phoenix King (Sozin's Comet Part 1)
5%
Fire Episode 11 The Eclipse (Day of Black Sun Part 2)
4%
No matching quizzes found
Score Distribution
Percent of People with Each Score
Percentile by Number Answered
Your Score History
You have not taken this quiz